| 000 | 00690cam a22002293a 4500 | ||
|---|---|---|---|
| 001 | 8605 | ||
| 003 | PGUSA | ||
| 005 | 20140828083202.0 | ||
| 008 | 050801s2005||||xxu|||||s|||||000 | eng d | ||
| 040 |
_aPGUSA _beng |
||
| 042 | _adc | ||
| 050 | 4 | _aBX | |
| 100 | 1 |
_aCooke, George Willis, _d1848-1923 |
|
| 245 | 1 | 0 |
_aUnitarianism in America : _bA History of its Origin and Development _h[electronic resource] / _cGeorge Willis Cooke |
| 260 |
_bProject Gutenberg, _c2005 |
||
| 506 | _aPublic domain in the USA. | ||
| 516 | _aElectronic text | ||
| 653 | _aUnitarianism -- United States | ||
| 830 | 0 |
_aProject Gutenberg _v8605 |
|
| 856 | 4 | 0 | _uhttp://www.gutenberg.org/ebooks/8605 |
| 942 | _cEB | ||
| 999 |
_c237905 _d237905 |
||